Movies Quiz

Random Movies or Clickable Quiz

Click-n-Fill: 7-Letter Movies Quiz Stats

 Plays Quiz Updated Aug 30, 2015

Challenge
Share
Tweet
Embed
Score 0/30 Timer 05:00
7 Plays Today
% Correct
ADE
79.8%
LAN
79.7%
ATO
79.4%
BAR
77.5%
BEC
74.4%
UBB
73.6%
REF
70.5%
TIL
70.3%
MEL
70.1%
ARA
69.8%
NCO
69.3%
LLI
68.7%
OWU
68.2%
IST
67.5%
RPO
65.5%
% Correct
UDI
65.2%
TWO
64.8%
THI
62.2%
RHE
61.9%
NGL
61.4%
ACU
60.4%
YFA
59.9%
RPI
58.6%
BRI
57.6%
CBE
57.5%
NAN
55.8%
GTI
53%
RKM
51.6%
RAC
50.7%
RSO
49.1%

You're not logged in!

Compare scores with friends on all Sporcle quizzes.
OR
Log In

You Might Also Like...

Show Comments

Extras

Top Quizzes Today


Score Distribution

Your Account Isn't Verified!

In order to create a playlist on Sporcle, you need to verify the email address you used during registration. Go to your Sporcle Settings to finish the process.

Report this User

Report this user for behavior that violates our Community Guidelines.

Details: